ბათუმის შოთა რუსთაველის სახელმწიფო უნივერსიტეტის ბიბლიოთეკა

სიცოცხლისა და სიკეთის მსახური : (ბიბ.ჩანაწერი № 57160)

000 -ლიდერი
ფიქსირებული სიგრძის საკონტროლო ველი 01094nam a22002177a 4500
003 - საკონტროლო ნომრის იდენტიფიკატორი
საკონტროლო ველი Ge_BSU
005 - ბოლო ოპერაციის თარიღი და დრო
საკონტროლო ველი 20191209160012.0
008 - ფიქსირებული სიგრძის მონაცემთა ელემენტები - ზოგადი ინფორმაცია
ფიქსირებული სიგრძის საკონტროლო ველი 191209s2019 ge ||||| |||| 00| 0 geo d
020 ## - წიგნის საერთაშორისო სტანდარტული ნომერი
International Standard Book Number 9789941485541
041 ## - ენის კოდი
Language code of text/sound track or separate title geo
080 ## - უნივერსალური ათობითი კლასიფიკაციის ინდექსი
Universal Decimal Classification number 821.353.1-94 გ-14
100 ## - მთავარი ჩანაწერი - პიროვნების სახელი
Personal name გაგუა, ოთარ.
9 (RLIN) 5227
245 ## - ცნობა სათაურის შესახებ
Title სიცოცხლისა და სიკეთის მსახური :
Remainder of title დაუთ ასამბაძე /
Statement of responsibility, etc ოთარ გაგუა ; რედ. ავთანდილ ბერიძე.
264 ## - წარმოების, გამოცემის, დისტრიბუციის და სხვა ცნობები
გამოცემის, წარმოების, დისტრიბუციის... ადგილი თბილისი :
გამოცემის, წარმოების, დისტრიბუციის... სახელწოდება მწიგნობარი,
გამოცემის, წარმოების, დისტრიბუციის... თარიღი 2019.
300 ## - ფიზიკური აღწერა
Extent 154 გვ .:
Dimensions 20 სმ.
500 ## - ზოგადი შენიშვნა
General note წიგგნი ეძღვნება 1989 წლის 9 აპრილს დაღუპულ გმირთა ხსოვნას
600 ## - SUBJECT ADDED ENTRY--PERSONAL NAME
Personal name დაუთ ასამბაძე
9 (RLIN) 5733
653 ## - INDEX TERM--UNCONTROLLED
Uncontrolled term ქართველი მოღვაწე დაუთ ასამბაძე
700 ## - ADDED ENTRY--PERSONAL NAME
Personal name ბერიძე, ავთანდილ
Relator term რედაქტორი
9 (RLIN) 5734
942 ## - ADDED ENTRY ELEMENTS (KOHA)
Source of classification or shelving scheme
Koha item type წიგნი
ეგზემპლარები
ჩამოწერის სტატუსი დაკარგული ეგზემპლარის სტატუსი კლასიფიკაციის წყარო ან თაროზე გაწყობის სქემა დაზიანების სტატუსი არ გაიცემა მუდმივი მდებარეობა (დაცვის ადგილი) ამჟამინდელი ადგილსამყოფელი თაროზე განთავსების ადგილი შეძენის თარიღი ღირებულება, შესყიდვის ნორმალური ფასი სრული შენახვის შიფრი შტრიხკოდი ბოლო ოპერაციის თარიღი ეგზემპლარის მიმდევრობითი ნომერი (კეტერი?) ფასის ძალაში შესვლის თარიღი ეგზემპლარის სახეობა საჯარო შენიშვნა Uniform Resource Identifier
          ბათუმის შოთა რუსთაველის სახელმწიფო უნივერსიტეტის მთავარი ბიბლიოთეკა ბათუმის შოთა რუსთაველის სახელმწიფო უნივერსიტეტის მთავარი ბიბლიოთეკა წიგნსაცავი 2019-12-09 5.00 821.353.1-94 გ-14 60269 2019-12-09 60269 2019-12-09 წიგნი 5.00  
          ბათუმის შოთა რუსთაველის სახელმწიფო უნივერსიტეტის მთავარი ბიბლიოთეკა ბათუმის შოთა რუსთაველის სახელმწიფო უნივერსიტეტის მთავარი ბიბლიოთეკა წიგნსაცავი 2019-12-09 5.00 821.353.1-94 გ-14 60270 2019-12-09 60270 2019-12-09 წიგნი 5.00  
          ბათუმის შოთა რუსთაველის სახელმწიფო უნივერსიტეტის მთავარი ბიბლიოთეკა ბათუმის შოთა რუსთაველის სახელმწიფო უნივერსიტეტის მთავარი ბიბლიოთეკა წიგნსაცავი 2019-12-09 5.00 821.353.1-94 გ-14 60271 2019-12-09 60271 2019-12-09 წიგნი 5.00  
          ბათუმის შოთა რუსთაველის სახელმწიფო უნივერსიტეტის მთავარი ბიბლიოთეკა ბათუმის შოთა რუსთაველის სახელმწიფო უნივერსიტეტის მთავარი ბიბლიოთეკა წიგნსაცავი 2019-12-09 5.00 821.353.1-94 გ-14 60272 2019-12-09 60272 2019-12-09 წიგნი 5.00  
          ბათუმის შოთა რუსთაველის სახელმწიფო უნივერსიტეტის მთავარი ბიბლიოთეკა ბათუმის შოთა რუსთაველის სახელმწიფო უნივერსიტეტის მთავარი ბიბლიოთეკა წიგნსაცავი 2019-12-09 5.00 821.353.1-94 გ-14 60273 2019-12-09 60273 2019-12-09 წიგნი 5.00  
          ბათუმის შოთა რუსთაველის სახელმწიფო უნივერსიტეტის მთავარი ბიბლიოთეკა ბათუმის შოთა რუსთაველის სახელმწიფო უნივერსიტეტის მთავარი ბიბლიოთეკა წიგნსაცავი 2025-01-27 8.00 821.353.1-94 გ-14 66978 2025-01-27 66978 2025-01-27 წიგნი 8.00  
          ბათუმის შოთა რუსთაველის სახელმწიფო უნივერსიტეტის მთავარი ბიბლიოთეკა ბათუმის შოთა რუსთაველის სახელმწიფო უნივერსიტეტის მთავარი ბიბლიოთეკა წიგნსაცავი 2025-01-27 8.00 821.353.1-94 გ-14 70429 2025-01-27 70429 2025-01-27 წიგნი 8.00 ნაჩუქარი